Nghiên cứu quá trình sinh trưởng, phát triển và năng suất của cây mướp rồng (Lagenaria vulgaris) trong các môi trường đất khác nhau tại huyện Hòa Vang, thành phố Đà Nẵng

Nghiên cứu quá trình sinh trưởng, phát triển và năng suất của giống mướp rồng trong vụ hè thu 2013 tại xã Hòa Tiến và Hòa Nhơn, huyện Hòa Vang, TP Đà Nẵng. Đánh giá hiệu quả kinh tế của giống mướp rồng trên thị trường tiêu thụ của TP Đà Nẵng. Đề xuất một số biện pháp kỹ thuật canh tác mướp rồng phù...

Popoln opis

Shranjeno v:
Bibliografske podrobnosti
Glavni avtor: Nguyễn Thu Hiền
Drugi avtorji: Huỳnh Ngọc Thạch TS. (Hướng dẫn)
Format: Knjiga
Jezik:Vietnamese
Izdano: Đà Nẵng Đại học Đà Nẵng 2014
Teme:
Oznake: Označite
Brez oznak, prvi označite!
Thư viện lưu trữ: Mạng thư viện Đại học Đà Nẵng
LEADER 01984nam a2200337 4500
001 000019453
003 15888
005 20140505100500.0
008 140505s2014 viesd
041 |a vie 
082 1 4 |a 583  |b NG-H 
100 |a Nguyễn Thu Hiền 
245 |a Nghiên cứu quá trình sinh trưởng, phát triển và năng suất của cây mướp rồng (Lagenaria vulgaris) trong các môi trường đất khác nhau tại huyện Hòa Vang, thành phố Đà Nẵng  |c Nguyễn Thu Hiền ; Huỳnh Ngọc Thạch hướng dẫn.  |k Luận văn Thạc sĩ 
260 |a Đà Nẵng  |b Đại học Đà Nẵng  |c 2014 
300 |a 83 tr., phụ lục 10 tr.  |c 29 cm.  |e Tóm tắt 
500 |a Luận văn thạc sĩ Khoa học. Chuyên ngành: Sinh thái học. Mã số: 60.42.60. 
520 |a Nghiên cứu quá trình sinh trưởng, phát triển và năng suất của giống mướp rồng trong vụ hè thu 2013 tại xã Hòa Tiến và Hòa Nhơn, huyện Hòa Vang, TP Đà Nẵng. Đánh giá hiệu quả kinh tế của giống mướp rồng trên thị trường tiêu thụ của TP Đà Nẵng. Đề xuất một số biện pháp kỹ thuật canh tác mướp rồng phù hợp với điều kiện sản xuất tại huyện Hòa Vang, TP Đà Nẵng.. 
650 0 4 |a Cây mướp rồng  |v Luận văn tốt nghiệp  |x Nghiên cứu  |z Đà Nẵng 
653 |a Sinh thái học 
653 |a Cây mướp rồng 
700 1 |a Huỳnh Ngọc Thạch  |c TS.  |e Hướng dẫn 
OWN |a LSP 
AVA |a UDN50  |b LSP  |d 583 NG-H  |e available  |t Error 5001 Not defined in file expand_doc_bib_avail.  |f 1  |g 0  |h N  |i 0  |k 1 
999 |a From the UDN01 
AVA |a UDN50  |b LSP  |d 583 NG-H  |e available  |t Error 5001 Not defined in file expand_doc_bib_avail.  |f 1  |g 0  |h N  |i 0  |k 1 
TYP |a Monograph 
TYP |a Printed language 
980 |a Mạng thư viện Đại học Đà Nẵng